[Event "Barcelona Sant Marti op 04th"]
[Site "Barcelona"]
[Date "2002.04.20"]
[Round "3.53"]
[White "Pinto Miro, Jose"]
[Black "Garcia Rodriguez, Ivan"]
[Result "0-1"]
[WhiteElo "1700"]
[BlackElo "1710"]
[PlyCount "57"]
[EventDate "2002.04.06"]
[EventType "swiss"]
[EventRounds "9"]
[EventCountry "ESP"]
[SourceTitle "EXT 2003"]
[Source "ChessBase"]
[SourceDate "2002.11.25"]
[SourceVersion "1"]
[SourceVersionDate "2002.11.25"]
[SourceQuality "1"]

1. d4 Nf6 2. Nf3 Nc6 3. Nc3 d5 4. Bf4 a6 5. g3 e6 6. Bg2 Bb4 7. Qd3 0-0 8. 0-0 Qe7 9. a3 Ba5 10. e3 Nh5 11. Rfe1 Qf6 12. Ne5 Nxf4 13. exf4 Nxe5 14. fxe5 Qg5 15. Re2 f6 16. Qe3 Bd7 17. Qxg5 fxg5 18. Nd1 Bb5 19. Re3 Bd2 20. Rb3 b6 21. Nc3 Bc4 22. Rb4 a5 23. Rb5 Bxc3 24. bxc3 Bxb5 25. Bf1 Bc6 26. c4 Rf5 27. cxd5 Bxd5 28. Bd3 Rf7 29. Kf1 0-1